Zo súťaží a ocenení tanečno-športového klubu Tempo MŠK Kežmarok

Bibliographic Details
Main Author: Scholtzová, Gertrúda (Author)
Format: Article
Language:Slovak
PhysicalDescription:Fotogr.
Subjects:

MARC

LEADER 00000nab a2200000 ar4500
001 vtls010532307
003 SK-MaSNL
005 20260303085723.0
008 130731c2013 xo sr|p|||||||000 b|slo
038 |a PPPK 
040 |a PPPKCL  |b slo  |c PPPKCL  |e AACR2 
041 0 |a slo 
044 |a xo  |c SK 
080 |a 793.33  |2 2001 
100 1 |a Scholtzová, Gertrúda  |4 aut  |9 994128 
245 1 0 |a Zo súťaží a ocenení tanečno-športového klubu Tempo MŠK Kežmarok  |c Gertrúda Scholtzová 
300 |b Fotogr. 
610 2 7 |a TŠC Tempo (Kežmarok, Slovensko)  |2 pppkcl  |9 1049793 
648 7 |a 2013  |2 pppkcl  |9 324251 
650 0 7 |a spoločenské tance  |2 pppkcl  |9 29452 
650 0 7 |a súťaže  |2 pppkcl  |9 3301 
651 7 |a Kežmarok (Slovensko)  |2 pppkcl  |9 26808 
773 0 |t Kežmarok  |g Roč. XXI, č. 10 (2013), s. 11 
852 |a PPPK  |b KIS3GCP 
999 |c 1800312  |d 1802242